| 000 | 00417nam a2200169Ia 4500 | ||
|---|---|---|---|
| 008 | 230524s9999 xx 000 0 und d | ||
| 082 |
_a658.401 _bMIS |
||
| 100 | _aBishnupriya Mishra | ||
| 245 | 0 | _aFinancial Derivatives | |
| 250 | _aIST | ||
| 260 |
_aNEW DELHI _bExcel _c2007 |
||
| 300 | _aVIII;243 | ||
| 500 | _aQuantity Number: 2 | ||
| 650 | _aManagement | ||
| 700 | _a Sathya Swaroop Debasish | ||
| 942 | _cBK | ||
| 999 |
_c45115 _d45115 |
||